|
|
|
|
| LEADER |
01748cas a2200241 a 4500 |
| 001 |
AALejournalIMF017613 |
| 008 |
230101c9999 xx r poo 0 0eng d |
| 020 |
|
|
|c 5.00 USD
|
| 020 |
|
|
|z 9781475597448
|
| 022 |
|
|
|a 1934-7685
|
| 040 |
|
|
|a BD-DhAAL
|c BD-DhAAL
|
| 110 |
2 |
|
|a International Monetary Fund.
|b Fiscal Affairs Dept.
|
| 245 |
1 |
0 |
|a Brazil :
|b Fiscal Transparency Evaluation.
|
| 264 |
|
1 |
|a Washington, D.C. :
|b International Monetary Fund,
|c 2017.
|
| 300 |
|
|
|a 1 online resource (92 pages)
|
| 490 |
1 |
|
|a IMF Staff Country Reports
|
| 500 |
|
|
|a <strong>Off-Campus Access:</strong> No User ID or Password Required
|
| 500 |
|
|
|a <strong>On-Campus Access:</strong> No User ID or Password Required
|
| 506 |
|
|
|a Electronic access restricted to authorized BRAC University faculty, staff and students
|
| 520 |
3 |
|
|a This report assesses fiscal transparency practices in Brazil in relation to the requirements of the IMF Fiscal Transparency Code. Brazil's practices meet many of the principles of the code at good or advanced levels. Fiscal statistics encompass the general government sector and recognize most of its assets and liabilities. Fiscal reports are published frequently and in a timely manner, and annual financial statements are audited by the Federal Court of Accounts. The transparency of fiscal forecasting and budgeting benefits in some areas from good or advanced practices. The institutional scope of budget documentation is comprehensive, and the key sequences of the budget process are timely.
|
| 538 |
|
|
|a Mode of access: Internet
|
| 830 |
|
0 |
|a IMF Staff Country Reports; Country Report ;
|v No. 2017/104
|
| 856 |
4 |
0 |
|z Full text available on IMF
|u http://elibrary.imf.org/view/journals/002/2017/104/002.2017.issue-104-en.xml
|z IMF e-Library
|